| 000 | 00466cam a2200193 4500 | ||
|---|---|---|---|
| 008 | 090401t1990 xxu||||| |||| 00| 0 eng d | ||
| 020 | _a0947877347 | ||
| 035 | _a(Sirsi) u68493 | ||
| 041 | _aeng | ||
| 050 | _a808.023 | ||
| 100 | _aHamilton, Alaine | ||
| 245 | _aWriting dissertations | ||
| 260 |
_aLondon _bRIBA Publications _c1990 |
||
| 300 | _a48p. ; 23cm. | ||
| 350 | _a4.5 | ||
| 490 | _aProfessional Communication | ||
| 942 | _n0 | ||
| 948 | _c04/03/1997 | ||
| 999 |
_c95110 _d95110 |
||